Normal view
MARC view
- Biogeochemical cycles.
Entry Topical Term
001 - CONTROL NUMBER
- control field: 2375
003 - CONTROL NUMBER IDENTIFIER
- control field: NUST
005 - DATE AND TIME OF LATEST TRANSACTION
- control field: 20170609113651.0
008 - FIXED-LENGTH DATA ELEMENTS
- fixed length control field: 170609|| aca||aabn | a|a d
040 ## - CATALOGING SOURCE
- Original cataloging agency: NUST
- Transcribing agency: NUST
150 ## - HEADING--TOPICAL TERM
- Topical term or geographic name entry element: Biogeochemical cycles.
670 ## - SOURCE DATA FOUND
- Source citation: Work cat.: (NUST)0: Global biogeochemical cycles /, c1992.
